000 01010nac a22002771u 4500
010 _a 2007299095
020 _a9780750665568 (pbk.)
020 _a0750665564 (pbk.)
035 _a(OCoLC)ocm85898574
082 0 4 _a629.892
_bBIS
090 _c8398
_d8398
100 _aBishop, Owen.
245 1 4 _aThe robot builder's cookbook /
_cOwen Bishop.
260 _aAmsterdam ;
_aBoston :
_bElsevier/Newnes,2007
_cc2007.
300 _avi, 366 p. :
_bill. ;
_c25 cm.
500 _aIncludes index.
500 _aDistributer: Al-Ahram.
511 _aCatalogued By: Mahitab.
650 0 _aRobotics.
650 0 _aRobots.
650 0 _aRobots
_xProgramming.
856 4 2 _3Publisher description
_uhttp://www.loc.gov/catdir/enhancements/fy0806/2007299095-d.html
942 _cBB
_k629.892BIS
999 _c8398
_d8398